000
00293nam a22001097a 4500
008
230623b |||||||| |||| 00| 0 eng d
100
_a
Chaudhary, Radha krishnan
_9
8928
245
_a
Select Inscriptions Of Bihar
260
_b
K.L Mukhopadhyay,
_c
1958.
_a
Calcutta:
300
_a
138p
942
_c
BK
999
_c
38934
_d
38934